UBT Library

Customer obsession : (Record no. 877)

000 -LEADER
fixed length control field 00632nam a22001937a 4500
008 - FIXED-LENGTH DATA ELEMENTS--GENERAL INFORMATION
fixed length control field 150521b xxu||||| |||| 00| 0 eng d
020 ## - INTERNATIONAL STANDARD BOOK NUMBER
International Standard Book Number 9780071497046
041 0# - LANGUAGE CODE
Language code of text/sound track or separate title eng
080 ## - UNIVERSAL DECIMAL CLASSIFICATION NUMBER
Universal Decimal Classification number 658.8
100 1# - Rafti
Rafti Azevedo, Abaetê de.
245 10 - TITLE STATEMENT
Title Customer obsession :
Statement of responsibility, etc Abaetê de Azevedo and Ricardo Pomeranz.
260 ## -
-- New York
-- McGraw-Hill,
-- c2008.
300 ## -
-- 226 f. :
-- me il. ;
-- 24 cm.
650 #0 -
-- Konsumatorët
650 #0 -
-- Marketing
650 #0 -
-- Marëdhëniet me konsumatorët
700 1# -
-- Pomeranz, Ricardo.
942 ## - ADDED ENTRY ELEMENTS (KOHA)
Source of classification or shelving scheme
Item type Books
Holdings
Withdrawn status Lost status Source of classification or shelving scheme Damaged status Not for loan Collection code Permanent location Current location Shelving location Date acquired Total Checkouts Full call number Barcode Date last seen Koha item type Price effective from
          Koleksioni i përgjithshem UBT - Lipjan UBT - Lipjan Koleksioni i përgjithshem 05/21/2015   658.8 AZE 002-007907 05/21/2015 Books  
          Koleksioni i përgjithshem UBT - Lipjan UBT - Lipjan Koleksioni i përgjithshem 09/28/2015   658.8 AZE 002-007908 09/28/2015 Books 09/28/2015
          Koleksioni i përgjithshem UBT - Lipjan UBT - Lipjan Koleksioni i përgjithshem 09/28/2015   658.8 AZE 002-007924 09/28/2015 Books 09/28/2015
          Koleksioni i përgjithshem UBT - Lipjan UBT - Lipjan Koleksioni i përgjithshem 09/28/2015   658.8 AZE 002-007923 09/28/2015 Books 09/28/2015
          Koleksioni i përgjithshem UBT - Lipjan UBT - Lipjan Koleksioni i përgjithshem 09/28/2015   658.8 AZE 002-007922 09/28/2015 Books 09/28/2015
          Koleksioni i përgjithshem UBT - Lipjan UBT - Lipjan Koleksioni i përgjithshem 09/28/2015   658.8 AZE 002-007921 09/28/2015 Books 09/28/2015
          Koleksioni i përgjithshem UBT - Lipjan UBT - Lipjan Koleksioni i përgjithshem 09/28/2015   658.8 AZE 002-007920 09/28/2015 Books 09/28/2015
          Koleksioni i përgjithshem UBT - Lipjan UBT - Lipjan Koleksioni i përgjithshem 10/06/2015   658.8 AZE 002-008494 10/06/2015 Books 10/06/2015
          Koleksioni i përgjithshem UBT - Lipjan UBT - Lipjan Koleksioni i përgjithshem 10/06/2015   658.8 AZE 002-008493 10/06/2015 Books 10/06/2015
          Koleksioni i përgjithshem UBT - Lipjan UBT - Lipjan Koleksioni i përgjithshem 10/06/2015   658.8 AZE 002-008492 10/06/2015 Books 10/06/2015
          Koleksioni i përgjithshem UBT - Lipjan UBT - Lipjan Koleksioni i përgjithshem 11/03/2017   339.138 RIC 002-2936747 11/03/2017 Books 11/03/2017
          Koleksioni i përgjithshem UBT - Lipjan UBT - Lipjan Koleksioni i përgjithshem 11/03/2017   339.138 RIC 002-2936752 11/03/2017 Books 11/03/2017
          Koleksioni i përgjithshem UBT - Lipjan UBT - Lipjan Koleksioni i përgjithshem 11/03/2017   339.138 RIC 002-2936757 11/03/2017 Books 11/03/2017
          Koleksioni i përgjithshem UBT - Prishtine UBT - Prishtine Koleksioni i përgjithshem 05/29/2015   658.8 AZE   05/29/2015 Books  
UBT Library © 2015-2024. All rights reserved University Education for Business and Technology